00366nam a2200133Ia 4500008004100000020001500041041001200056100001800068245006600086250000800152260004900160300000800209650001500217221030s9999 xx 000 0 und d a8122415229 aEnglish aC. R. Kothari 0aResearch Methodology - Methods & Techniquescby C. R. Kothari a2nd bNew Age International Pub.aNew Delhic2012 a401 aManagement